[Event "ROM-ch U14"]
[Site "Calimanesti"]
[Date "2015.04.03"]
[Round "6"]
[White "Ilonczai, Levente David"]
[Black "Schneider, Erik"]
[Result "0-1"]
[WhiteElo "1742"]
[BlackElo "1620"]
[PlyCount "163"]
[EventDate "2015.03.30"]
[EventType "swiss"]
[EventRounds "9"]
[EventCountry "ROU"]
[SourceTitle "CBM 165 Extra"]
[Source "ChessBase"]
[SourceDate "2015.04.21"]
[SourceVersion "1"]
[SourceVersionDate "2015.04.21"]
[SourceQuality "1"]

1. e4 d5 2. exd5 Qxd5 3. Nc3 Qd6 4. d4 c6 5. Ne4 Qe6 6. Qe2 Nf6 7. f3 Nbd7 8. g3 Nxe4 9. fxe4 Qd6 10. Nf3 e5 11. Be3 Be7 12. 0-0-0 Qc7 13. dxe5 Nxe5 14. Bf4 Bf6 15. Nxe5 Bxe5 16. Qf3 Be6 17. Kb1 0-0 18. Bxe5 Qxe5 19. Qf4 Qa5 20. b3 Rad8 21. Bd3 c5 22. Qf1 Qc3 23. Qe1 Qxe1 24. Rhxe1 Rfe8 25. Bb5 Rf8 26. Be2 a6 27. Bf3 b6 28. e5 g6 29. Bb7 a5 30. Bc6 Kg7 31. Kb2 Bg4 32. Rd6 Rxd6 33. exd6 Rd8 34. d7 Be6 35. Ka3 Kf8 36. Ka4 Bxd7 37. Bxd7 Rxd7 38. Kb5 Rd6 39. a3 f5 40. c4 Kf7 41. b4 axb4 42. axb4 cxb4 43. Kxb4 Rd2 44. Kb5 Rb2+ 45. Kc6 Rc2 46. Kb5 Kf6 47. Kxb6 Rxc4 48. Re2 Kg5 49. Kb5 Rc1 50. Rf2 h5 51. Rf4 Rc2 52. h4+ Kf6 53. Kb4 g5 54. Rf3 gxh4 55. gxh4 Rh2 56. Rf4 Ke5 57. Rc4 Rg2 58. Kc3 Rg4 59. Rc5+ Kf4 60. Kd2 Rxh4 61. Ke2 Rh2+ 62. Kf1 Kg4 63. Kg1 Rd2 64. Rc4+ f4 65. Rc1 Kg3 66. Kf1 Rh2 67. Kg1 Rg2+ 68. Kf1 Rh2 69. Kg1 f3 70. Rc5 Ra2 71. Rg5+ Kh4 72. Rg8 Kh3 73. Kf1 Rg2 74. Rf8 Kg3 75. Rg8+ Kh2 76. Rf8 Kg3 77. Rg8+ Kh2 78. Rf8 h4 79. Rxf3 h3 80. Rf2 Kg3 81. Rxg2+ hxg2+ 82. Kg1 0-1